|
|
|
|
| LEADER |
02843nam a2200685 a 4500 |
| 001 |
nkc20112168661 |
| 003 |
CZ PrNK |
| 005 |
20110623102836.0 |
| 007 |
ta |
| 008 |
110224s2010 xr abf f 000 0 cze |
| 015 |
|
|
|a cnb002168661
|
| 020 |
|
|
|a 978-80-210-5374-8
|q (brož.)
|
| 035 |
|
|
|a (OCoLC)730407504
|
| 040 |
|
|
|a OLA001
|b cze
|
| 041 |
0 |
|
|a cze
|b eng
|
| 043 |
|
|
|a e-xr---
|
| 045 |
|
|
|a x8y0
|
| 072 |
|
7 |
|a 37
|x Výchova a vzdělávání
|2 Konspekt
|9 22
|
| 080 |
|
|
|a 37.017.4
|2 MRF
|
| 080 |
|
|
|a 37.091.3
|2 MRF
|
| 080 |
|
|
|a 3
|2 MRF
|
| 080 |
|
|
|a 328/329
|2 MRF
|
| 080 |
|
|
|a 323
|2 MRF
|
| 080 |
|
|
|a (437.3)
|2 MRF
|
| 080 |
|
|
|a (048.8:082)
|2 MRF
|
| 100 |
1 |
|
|a Rybář, Radovan,
|d 1952-
|7 jn20001227758
|4 aut
|
| 245 |
1 |
0 |
|a Dvě desetiletí polistopadového vývoje ve společnosti a společenských vědách /
|c Radovan Rybář a kol.
|
| 246 |
3 |
|
|a 2 desetiletí polistopadového vývoje ve společnosti a společenských vědách
|
| 250 |
|
|
|a 1. vyd.
|
| 260 |
|
|
|a Brno :
|b Masarykova univerzita,
|c 2010
|
| 300 |
|
|
|a 112 s., [2] l. barev. obr. příl. :
|b il., mapy ;
|c 24 cm
|
| 490 |
1 |
|
|a Spisy Pedagogické fakulty Masarykovy univerzity ;
|v č. sv. 141
|
| 500 |
|
|
|a Nad názvem: Masarykova univerzita, Pedagogická fakulta, katedra občanské výchovy
|
| 500 |
|
|
|a 200 výt.
|
| 504 |
|
|
|a Obsahuje bibliografie a bibliografické odkazy
|
| 546 |
|
|
|a Anglická resumé
|
| 610 |
2 |
7 |
|a Masarykova univerzita.
|b Katedra občanské výchovy
|7 kn20030610011
|2 czenas
|
| 648 |
|
4 |
|a 1989-2009
|
| 648 |
|
7 |
|a od 1989
|7 ch462156
|2 czenas
|
| 650 |
0 |
7 |
|a občanská výchova
|7 ph115539
|2 czenas
|
| 650 |
0 |
7 |
|a studium a výuka
|7 ph136700
|z Česko
|2 czenas
|
| 650 |
0 |
7 |
|a společenské vědy
|7 ph116244
|y od 1989
|2 czenas
|
| 650 |
0 |
9 |
|a civics
|2 eczenas
|
| 650 |
0 |
9 |
|a study and teaching
|z Czechia
|2 eczenas
|
| 650 |
0 |
9 |
|a social sciences
|y 1989-
|2 eczenas
|
| 651 |
|
7 |
|a Česko
|7 ge128065
|x politika a vláda
|y od 1989
|2 czenas
|
| 651 |
|
7 |
|a Česko
|7 ge128065
|x společnost a politika
|y od 1989
|2 czenas
|
| 651 |
|
9 |
|a Czechia
|x politics and government
|y 1989-
|2 eczenas
|
| 651 |
|
9 |
|a Czechia
|x society and politics
|y 1989-
|2 eczenas
|
| 655 |
|
7 |
|a kolektivní monografie
|7 fd501537
|2 czenas
|
| 655 |
|
9 |
|a collective monographs
|2 eczenas
|
| 710 |
2 |
|
|a Masarykova univerzita.
|b Katedra občanské výchovy
|7 kn20030610011
|
| 810 |
2 |
|
|a Masarykova univerzita.
|b Pedagogická fakulta.
|t Spisy
|0 s
|
| 856 |
4 |
1 |
|u http://www.digitalniknihovna.cz/mzk/uuid/uuid:9fa70eb0-9ad4-11e8-a1e1-005056827e51
|y Digitalizovaný dokument
|x NDK
|
| 910 |
2 |
|
|a BOA001
|b 2-1267.034
|
| 990 |
|
|
|a BK
|
| 995 |
|
|
|a 01
|
| 991 |
|
|
|b 201106
|c NOV
|j 371 RYB
|e n
|
| 996 |
6 |
|
|b 2610466703
|c 2-1267.034
|l MZK
|r Sklad / do 1 hodiny
|n 0
|p p.v.
|w 001180751
|u 000010
|a 1
|e BOA001
|j MZK50
|s P
|
| 996 |
7 |
|
|b 2610466704
|c 2-1267.034
|l MZK
|r Sklad / do 1 hodiny
|n 10
|p p.v.
|w 001180751
|u 000020
|a 1
|e BOA001
|j MZK50
|s A
|